Statistics for REMA 1000 PLU koder for frukt og grønt

Click here to take the quiz!

General Stats

  • This quiz has been taken 2 697 times
  • The average score is 21 of 47

Answer Stats

VarePLU% Correct
Bananer710
79%
Appelsin700
78%
Agurk861
74%
Epler røde720
72%
Epler grønne721
70%
Epler gule722
69%
Jordbær800
64%
Smågodt326
60%
Broccoli780
58%
Paprika rød781
58%
Kiwi733
56%
Banan i pose702
55%
Paprika grønn782
54%
Pærer731
53%
Champignon788
53%
Klementiner706
52%
Sitron732
52%
Lime814
50%
Paprike gul786
48%
Blomkål863
48%
Purre770
47%
Potet løsvekt gamle743
45%
Løk773
44%
Avocado783
41%
Plommer løsvekt730
40%
Kålrot764
40%
Moreller714
39%
Nøtter løsevekt162
38%
Hodekål759
36%
Mango791
36%
Potet løsvekt nypoteter738
34%
Druer grønne løs vekt712
33%
Melon honning725
33%
Aubergin787
33%
Ananas809
31%
Sellerirot771
30%
Klasse tomater916
29%
Melon Cantaloupe737
26%
Sommerkål753
26%
Epler norske837
26%
Grapefrukt811
25%
Potet bakepotet748
24%
Gulrot bunt862
24%
Nektarin705
21%
Squash grønn877
17%
Frosne reker løsvekt1020
16%
Asparges grønn bunt885
16%

Score Distribution

Percentile by Number Answered

Percent of People with Each Score

Your Score History

You have not taken this quiz